01198cam a2200253 a 4500001000800000005001700008008004100025010001700066020002500083040001800108050001800126082001800144100001800162245010400180260004400284300003400328500003300362500002000395505042500415630003200840650002100872700002500893700002600918251166020210414114131.0920501s1992 caua 001 0 eng  a 92154631  a0078810183 :c$29.95 aDLCcDLCdDLC00aZ52.5.W65 D9700a652.5/5362201 aDyson, Steve.10aWordPerfect for Windows :the complete reference. /cSteve Dyson, Daniel J. Fingerman, Stephen Cobb. aBerkeley :bOsborne McGraw-Hill,c1992. axix, 763 p. :bill. ;c24 cm. a"Covers version 5.1"--Cover. aIncludes index. aContents: Getting started with wordperfect for windows: Windows and wordperfect -- Wordperfect for windows basics -- Tools and techniques -- Exploring more advanced features: Using the file manager -- Working with your printer -- Merger applications -- Desktop publishing with wordperfect for windows -- Applications for macros -- Spreadsheet and database files -- Command reference: Commands and features -- Appendixes.00aWordPerfect (Computer file) 0aWord processing.1 aFingerman, Daniel J.1 aCobb, Stephen,d1952-